Denník Korzár má svoj pancierový vlak. Predstaví sa pri prebúdzaní Katky

Podrobná bibliografia
Hlavný autor: Sambor, Miroslav (Autor)
Médium: Článok
Jazyk:slovenčina
PhysicalDescription:Fotogr.
ISSN:1335-4566
Predmet:

MARC

LEADER 00000nab a2200000 a 4500
001 vtls010085690
003 SK-MaSNL
005 20260303080654.0
008 100416c20100416xo drz 0 0slo
038 |a KEVKJB 
040 |a KEVKJB  |b slo  |c KEVKJB  |e AACR2 
041 0 |a slo 
044 |a xo  |c SK 
080 |a 625.1:689  |2 2001 
100 1 |a Sambor, Miroslav  |4 aut  |9 872736 
245 1 0 |a Denník Korzár má svoj pancierový vlak. Predstaví sa pri prebúdzaní Katky  |c Miroslav Sambor 
300 |b Fotogr. 
600 1 7 |a Novák, Ján,  |d 1956-  |c železničný modelár  |2 kevkjb  |9 1020563 
650 0 7 |a železničné modelárstvo  |2 kevkjb  |9 3670 
651 7 |a Vajkovce (Slovensko)  |2 kevkjb  |9 31206 
651 7 |a Košice-okolie (Slovensko : okres)  |2 kevkjb  |9 146743 
773 0 |t Košický Korzár  |g Roč. XIII, č. 87 (16.4.2010)  |x 1335-4566 
773 0 8 |i Príl.:  |t Pohoda  |g S. 3 
852 |a KEVKJB  |b KIS3GCP 
999 |c 1781513  |d 1783443